Pokémon Trivia - Statistics

General Stats
  • This quiz has been taken 42 times
    35 since last reset
  • The average score is 9 of 15
Answer Stats
Question Answer % Correct
Who is the first Pokémon in the pokedex? Bulbasaur
100%
Who is number 149 in the kanto pokedex? Dragonite
100%
Which Pokémon has the most evolutions? Eevee
100%
What is the pokeball you get 1 of every time you buy 10 pokeballs Premier ball
100%
Which 1st gen pokemon got an evolution in Sword? Far fetched
67%
Who is the water starter of the Kalos region? Foakie
67%
Which one of these are not a mythical pokemon? Palkia
67%
What was the first pokemon drawn? Rhydon
67%
What is the correct answer based on this word scramble? fansolru Sunflora
67%
Keldeo is a mythical Pokémon True
67%
Which of these are not real pokemon games? Pokemon New world
50%
How many Pokémon are there? 893
17%
Who is number 400 in the galar pokedex? Eternatus
17%
How many pokemon are in pokemon Blue? 150
0%
Which of these is not a real Pokémon? (These Pokémon that are real are in French) Garanom
0%
No matching quizzes found
Score Distribution
Percent of People with Each Score
Percentile by Number Answered
Your Score History
You have not taken this quiz since the last reset